Province più a Nord - Morte improvvisa - Statistics

Statistiche generali
  • Questo quiz è stato fatto 276 volte
  • Il punteggio medio è 5 su 15
Answers on the Grid
Answers color-coded by a green-red scale on the quiz's grid according to % correct below.
Bolzano
Belluno
Udine
Sondrio
Trento
Verbano-Cusio-Ossola
Pordenone
Brescia
Como
Lecco
Varese
Bergamo
Treviso
Gorizia
Vicenza
Torino
Cuneo
Alessandria
Genova
Cremona
Milano
Mantova
Rovigo
Trieste
Lodi
Pavia
Piacenza
Parma
Reggio Emilia
Ferrara
 
Statistiche sulle risposte
Risposta % Corretto
Bolzano
63%
Trento
60%
Sondrio
46%
Como
45%
Verbano-Cusio-Ossola
44%
Udine
40%
Varese
38%
Belluno
37%
Lecco
32%
Bergamo
31%
Pordenone
25%
Gorizia
23%
Treviso
19%
Brescia
17%
Vicenza
7%
Nessun quiz corrispondente trovato
Distribuzione punteggi
Percentuale di utenti per punteggio
Percentile per numero di risposta
I tuoi punteggi nel tempo
Non hai fatto questo quiz